मैं तुम्हें आज़ादी दूंगा / (Record no. 27585)

MARC details
000 -LEADER
fixed length control field 01863nam a22003137a 4500
005 - DATE AND TIME OF LATEST TRANSACTION
control field 2009061809419.0
008 - FIXED-LENGTH DATA ELEMENTS--GENERAL INFORMATION
fixed length control field 090513t xxu||||| |||| 00| 0 hin d
010 ## - LCCN (DPL NO)
LC control number HIN-86974-975
020 ## - INTERNATIONAL STANDARD BOOK NUMBER
Terms of availability 300.00
International Standard Book Number 8171452027 (भा-1)
020 ## - INTERNATIONAL STANDARD BOOK NUMBER
Terms of availability 300.00
International Standard Book Number 8171452035 (भा-2)
035 ## - SYSTEM CONTROL NUMBER
System control number HN-59320-21
037 ## - SOURCE OF ACQUISITION
Source of stock number/acquisition DBAD / PUB
040 ## - CATALOGING SOURCE
Original cataloging agency dpl
Language of cataloging hn
082 ## - DEWEY DECIMAL CLASSIFICATION NUMBER
Classification number 954.0841092
100 ## - MAIN ENTRY--PERSONAL NAME
Personal name शकुन, सत्य
245 ## - TITLE STATEMENT
Title मैं तुम्हें आज़ादी दूंगा /
Statement of responsibility, etc सत्य शकुन
246 ## - VARYING FORM OF TITLE
Title proper/short title Men tunmhe aajaadi dungaa
Remainder of title by Satya Sakun
260 ## - PUBLICATION, DISTRIBUTION, ETC. (IMPRINT)
Place of publication, distribution, etc दिल्ली
Name of publisher, distributor, etc सन्मार्ग प्रकाशन
Date of publication, distribution, etc 2008
270 ## - ADDRESS
Address 16, यू.बी. बैंग्लों रोड, जपॉवाहर नगर
City दिल्ली
Postal code 110007
300 ## - PHYSICAL DESCRIPTION
Extent 2 भा. (भा-1,256पृ.; भा-2,240पृ.)
Dimensions 22सेमी (सजिल्द)
500 ## - GENERAL NOTE
General note 2 भागों में प्रकाशित ।मूल्य रू. 300.00 (प्रति भाग)
600 ## - SUBJECT ADDED ENTRY--PERSONAL NAME
Personal name बोस, सुभाषचन्द्र, 1897-1945
600 ## - SUBJECT ADDED ENTRY--PERSONAL NAME
Personal name Bose, Subhash Chandra, 1897-1945
651 ## - SUBJECT ADDED ENTRY--GEOGRAPHIC NAME
Geographic name भारत
General subdivision इतिहास
-- स्वायत्ता और स्वाधीनता संघर्ष
651 ## - SUBJECT ADDED ENTRY--GEOGRAPHIC NAME
Geographic name India
General subdivision History
-- Autonomy and independece movement
942 ## - ADDED ENTRY ELEMENTS (KOHA)
Source of classification or shelving scheme Dewey Decimal Classification
Item type Hindi Books
Call number suffix शकुन
Classification part 954.0841092
Holdings
Withdrawn status Lost status Source of classification or shelving scheme Materials specified (bound volume or other part) Damaged status Not for loan Home library Current library Date acquired Source of acquisition Cost, normal purchase price Total Checkouts Full call number Barcode Date last seen Copy number Cost, replacement price Koha item type Public note
    Dewey Decimal Classification भा-1   Not For Loan D.B.Act.Division D.B.Act.Division 18/06/2009 DBAD / PUB 300.00   954.0841092 शकुन HN-59320 18/06/2009 1 300.00 Hindi Books भा-1
    Dewey Decimal Classification भा-2   Not For Loan D.B.Act.Division D.B.Act.Division 18/06/2009 DBAD / PUB 300.00   954.0841092 शकुन HN-59321 18/06/2009 1 300.00 Hindi Books भा-2

© Delhi Public Library
Hit Counter
free hit counter